Normal view
MARC view
Entry Término temático
001 - NÚMERO DE CONTROL
- campo de control: 15028
003 - IDENTIFICADOR DEL NÚMERO DE CONTROL
- campo de control: FranzMayer
005 - FECHA Y HORA DE LA ÚLTIMA TRANSACCIÓN
- campo de control: 20190320205256.0
008 - DATOS DE LONGITUD FIJA
- campo de control de longitud fija: 190320|| aca||aabn | a|a d
040 ## - FUENTE DE LA CATALOGACIÓN
- Centro catalogador/agencia de origen: FranzMayer
- Centro/agencia transcriptor: FranzMayer
150 ## - ENCABEZAMIENTO--TÉRMINO DE MATERIA
- Término de materia o nombre geográfico como elemento de entrada: Cambio Internacional
- Subdivisión de forma: Tablas
670 ## - FUENTE DE DATOS ENCONTRADOS
- Cita de la fuente: Work cat.: (FranzMayer): Berdugc, Nicolas 15027, Reducciones de plata y oro, a las leyes 11. diner y 22. quilat. valores de una y otra especie por marcos, onzas, ochav, tomin y gran como S. Mag. (que Dios guarde) lo manda en sus novissimas reales ordenanzas, expedidas en 1. de Agosto de 1750, Cuyas reducciones, y calores el Excmo. Sr. conde de RevillaGigedo., 1752